| 000 | 01071cam a2200337 i 4500 | ||
|---|---|---|---|
| 001 | 000000887 | ||
| 003 | DO-SdBNP | ||
| 005 | 20240711094524.0 | ||
| 007 | ta | ||
| 008 | 901120s1984 sp 000 e spa | ||
| 020 | _a8449968321 | ||
| 040 |
_aDO-SdBNP _bspa _cBNPHU _erda |
||
| 082 | 4 | _222 | |
| 100 | 1 |
_aErasmus, Desiderius, _d1466?-1536 _93145 _eautor |
|
| 240 | 1 | 0 |
_aSeu Laus Stultitiae. _lEspañol. |
| 245 | 1 | 0 |
_aElogio de la locura / _cErasmo De Rotterdam ; Traducción, Teresa Suero Roca. |
| 246 | 1 | 0 | _aSeu Laus Stultitiae |
| 264 |
_aMadrid : _bSarpe, _c1984. |
||
| 300 |
_a268 páginas ; _c19 cm. |
||
| 336 |
_2rdacontent _atexto _btxt |
||
| 337 |
_2rdamedia _asin mediación _bn |
||
| 338 |
_2rdacarrier _avolumen _bnc |
||
| 490 |
_aLos grandes pensadores _v19 |
||
| 534 |
_aTítulo original: _tSeu Laus Stultitiae |
||
| 590 | _aInventariado, 2024/BT | ||
| 600 | 1 | 4 |
_aDesiderius, Erasmus, _d1467-1596 _93146 |
| 650 | 4 |
_aLiteratura latina _93147 |
|
| 650 | 4 |
_aLiteratura clásica _93148 |
|
| 700 | 1 |
_aSuero Roca, Teresa, _etraductor _93149 |
|
| 942 |
_2ddc _cLBS1 |
||
| 999 |
_c881 _d881 |
||